000 00346 a2200097 4500
245 0 0 _aMikroukłady scalone - Analogowe układy scalone Nazwy i określenia PN-79/T-01600/02 /
_cMin. Przem. Maszynowego.
246 1 3 _aPN-79/T-01600/02
246 1 3 _a621.382.001.4
260 _aWarszawa :
_bMin. Przem. Maszynowego,
_c1979.
300 _a11 stron ;
_c30 cm.
650 _aPolska norma
999 _c21091
_d21091